[Event "DVM U20 2003"]
[Site "Ditzingen GER"]
[Date "2003.12.27"]
[Round "2"]
[White "Kritz, Leonid"]
[Black "Häcker, Alexander"]
[Result "1/2-1/2"]
[Termination "normal"]
[Board "1.1"]
[WhiteElo "2533"]
[BlackElo "2245"]
[WhiteTeam "SG Bochum 31"]
[BlackTeam "SV Wolfbusch"]
[PlyCount "82"]
[WhiteFideId "4653530"]
[BlackFideId "4678214"]
[EventCountry "GER"]
[EventRounds "7"]
[EventType "team-swiss"]
[EventDate "2003.12.26"]

1. e4 e6 2. d3 d5 3. Nd2 Nf6 4. Ngf3 c5 5. g3 Nc6 6. Bg2 Be7 7. O-O O-O 8. Re1
b5 9. e5 Nd7 10. Nf1 a5 11. h4 Ba6 12. N1h2 Qb6 13. Bf4 b4 14. Ng5 h6 15. Nh3
c4 16. dxc4 Bxc4 17. Qg4 Kh7 18. Qh5 Nd4 19. Be3 Bc5 20. Ng4 Nf5 21. Bxc5 Qxc5
22. Ne3 Nxe3 23. Rxe3 Qd4 24. c3 bxc3 25. bxc3 Qd2 26. Ng5+ Kg8 27. Nf3 Qb2 28.
Rae1 Qxa2 29. g4 Qc2 30. Nd4 Qh7 31. g5 Nc5 32. Rg3 g6 33. Qf3 h5 34. Qe3 Rfc8
35. Nc2 Rab8 36. Na3 Ba6 37. Qd4 Qg7 38. c4 Nb3 39. Qa7 Bxc4 40. Nxc4 dxc4 41.
Bb7 {Remis - nach} f5 $1 {stuende Schwarz wohl auf Gewinn} 1/2-1/2

[Event "DVM U20 2003"]
[Site "Ditzingen GER"]
[Date "2003.12.27"]
[Round "2"]
[White "Mijatovic, Vladimir"]
[Black "Zaragatski, Ilja"]
[Result "1/2-1/2"]
[Termination "normal"]
[Board "1.2"]
[WhiteElo "2126"]
[BlackElo "2337"]
[WhiteTeam "SV Wolfbusch"]
[BlackTeam "SG Bochum 31"]
[PlyCount "65"]
[WhiteFideId "934062"]
[BlackFideId "4655192"]
[EventCountry "GER"]
[EventRounds "7"]
[EventType "team-swiss"]
[EventDate "2003.12.26"]

1. e4 e6 2. Nf3 d5 3. Nc3 Nf6 4. e5 Nfd7 5. d4 c5 6. dxc5 Nc6 7. Bf4 Bxc5 8.
Bd3 f6 9. exf6 Nxf6 10. O-O O-O 11. Ne5 Bd7 12. Qf3 Bd4 13. Nxc6 bxc6 14. Bd6
Rf7 15. Qg3 Ne8 16. Bf4 Qf6 17. Ne2 Bxb2 18. Rab1 h6 19. Bg6 Re7 20. Bxe8 Bxe8
21. Bd6 Rb7 22. Nc3 Qf7 23. Na4 Bf6 24. Rxb7 Qxb7 25. Nc5 Qb2 26. Nxe6 Qxc2 27.
Re1 Bf7 28. Nc7 Rb8 29. Nxd5 Rb1 30. Nxf6+ Kh8 31. Qe3 Rxe1+ 32. Qxe1 gxf6 33.
a3 1/2-1/2

[Event "DVM U20 2003"]
[Site "Ditzingen GER"]
[Date "2003.12.27"]
[Round "2"]
[White "Schlawin, Marlon"]
[Black "Häcker, Sonja"]
[Result "1-0"]
[Termination "normal"]
[Board "1.3"]
[WhiteElo "2293"]
[BlackElo "2028"]
[WhiteTeam "SG Bochum 31"]
[BlackTeam "SV Wolfbusch"]
[PlyCount "117"]
[WhiteFideId "4675584"]
[BlackFideId "4680928"]
[EventCountry "GER"]
[EventRounds "7"]
[EventType "team-swiss"]
[EventDate "2003.12.26"]

1. e4 c5 2. Nf3 Nc6 3. Bb5 e6 4. O-O Nge7 5. Nc3 a6 6. Bxc6 Nxc6 7. d4 cxd4 8.
Nxd4 d6 9. Re1 Be7 10. Nxc6 bxc6 11. e5 dxe5 12. Rxe5 O-O 13. Re1 Rb8 14. Rb1
Qa5 15. Bf4 Rb7 16. Qf3 Bd7 17. Qg3 Rd8 18. Be5 f6 19. Bd6 Bxd6 20. Qxd6 e5 21.
Red1 Rdb8 22. b4 Qc7 23. Qc5 Be8 24. a3 Bf7 25. Rd6 Rc8 26. Rbd1 h6 27. h3 Kh7
28. Na4 Rb5 29. Rd7 Rxc5 30. Rxc7 Rxc7 31. Nxc5 Bc4 32. Rd7 Rxd7 33. Nxd7 Kg6
34. f3 Kf7 35. Nb6 Be6 36. Kf2 Ke7 37. Ke3 Kd6 38. Na4 Bc4 39. Nb6 Be6 40. Na4
Bc4 41. h4 f5 42. g3 Be6 43. f4 exf4+ 44. gxf4 Kd5 45. Nb6+ Kd6 46. Kd4 Bf7 47.
Na4 Be6 48. Nc5 Bc8 49. a4 Kc7 50. Ke5 Kb6 51. Nb3 Kc7 52. Nd4 Kb6 53. Nxf5 c5
54. c3 cxb4 55. cxb4 Bd7 56. Nxg7 Bxa4 57. f5 Kb5 58. f6 Bb3 59. Ne6 1-0

[Event "DVM U20 2003"]
[Site "Ditzingen GER"]
[Date "2003.12.27"]
[Round "2"]
[White "Niethammer, Christoph"]
[Black "Becker, Martin Alexander"]
[Result "0-1"]
[Termination "normal"]
[Board "1.4"]
[WhiteElo "1982"]
[BlackElo "2244"]
[WhiteTeam "SV Wolfbusch"]
[BlackTeam "SG Bochum 31"]
[PlyCount "72"]
[WhiteFideId "4694325"]
[BlackFideId "4680820"]
[EventCountry "GER"]
[EventRounds "7"]
[EventType "team-swiss"]
[EventDate "2003.12.26"]

1. f4 d5 2. Nf3 Nf6 3. e3 Bg4 4. b3 Nbd7 5. Bb2 e6 6. Be2 Bd6 7. O-O c6 8. d3
Bxf3 9. Bxf3 Qc7 10. Nd2 e5 11. g3 O-O-O 12. c3 h5 13. h4 Rde8 14. d4 exf4 15.
exf4 Bxf4 16. gxf4 Qxf4 17. Bg2 Qxh4 18. Qf3 g5 19. Qh3 Qxh3 20. Bxh3 g4 21.
Bg2 h4 22. Rfe1 Nh5 23. Rad1 f5 24. c4 Ndf6 25. cxd5 cxd5 26. Re5 h3 27. Bf1 f4
28. Kh2 Ng3 29. Bd3 Nge4 30. Nxe4 dxe4 31. Bb5 g3+ 32. Kh1 g2+ 33. Kg1 Reg8 34.
Rc5+ Kb8 35. Kh2 Ng4+ 36. Kg1 f3 0-1

[Event "DVM U20 2003"]
[Site "Ditzingen GER"]
[Date "2003.12.27"]
[Round "2"]
[White "Iounoussov, Maksim"]
[Black "Naß, Walter Robert"]
[Result "0-1"]
[Termination "normal"]
[Board "1.5"]
[WhiteElo "2096"]
[BlackElo "1844"]
[WhiteTeam "SG Bochum 31"]
[BlackTeam "SV Wolfbusch"]
[PlyCount "110"]
[WhiteFideId "4675436"]
[BlackFideId "24607215"]
[EventCountry "GER"]
[EventRounds "7"]
[EventType "team-swiss"]
[EventDate "2003.12.26"]

1. e4 c5 2. Nf3 d6 3. Bb5+ Bd7 4. Bxd7+ Qxd7 5. O-O Nf6 6. e5 Nd5 7. Re1 e6 8.
d3 Nc6 9. Nbd2 dxe5 10. Nc4 f6 11. a4 Bd6 12. Bd2 O-O 13. Qe2 Rfe8 14. c3 Rad8
15. Rad1 b6 16. Bc1 Bf8 17. Qc2 Qb7 18. b3 a6 19. Ncd2 b5 20. axb5 axb5 21. Ne4
b4 22. c4 Nc7 23. Be3 Nd4 24. Bxd4 exd4 25. Ra1 Ra8 26. Nh4 Rxa1 27. Rxa1 Ra8
28. Qb2 Ra6 29. Rxa6 Qxa6 30. Qb1 Be7 31. Nf3 f5 32. Ned2 Bf6 33. Qe1 Qd6 34.
Qe2 e5 35. g3 Ne6 36. Qe1 g5 37. Qa1 g4 38. Qa8+ Kf7 39. Ne1 Bg5 40. Nf1 Qd8
41. Qb7+ Qc7 42. Qd5 Kf6 43. Ng2 Qa7 44. Qc6 Qa2 45. Qd7 Qxb3 46. Nh4 Qxd3 47.
Qxh7 Bxh4 48. Qxh4+ Kg6 49. Qe7 Qxc4 50. Qe8+ Kf6 51. Qh8+ Ng7 52. Qd8+ Kg6 53.
Qd6+ Ne6 54. Qxe5 d3 55. Ne3 Qe4 0-1

[Event "DVM U20 2003"]
[Site "Ditzingen GER"]
[Date "2003.12.27"]
[Round "2"]
[White "Willems, Sebastian"]
[Black "Smolka, Alexander"]
[Result "0-1"]
[Termination "normal"]
[Board "1.6"]
[WhiteElo "1500"]
[BlackElo "2136"]
[WhiteTeam "SV Wolfbusch"]
[BlackTeam "SG Bochum 31"]
[PlyCount "98"]
[BlackFideId "4685148"]
[EventCountry "GER"]
[EventRounds "7"]
[EventType "team-swiss"]
[EventDate "2003.12.26"]

1. c4 Nf6 2. Nc3 e6 3. d4 Bb4 4. e3 b6 5. Nge2 Ne4 6. Qc2 Bb7 7. a3 Bxc3+ 8.
Nxc3 Nxc3 9. bxc3 f5 10. Bd3 O-O 11. O-O Qh4 12. f3 Nc6 13. Bd2 Rf6 14. g3 Qh5
15. Rf2 Na5 16. Raf1 Ba6 17. Bc1 Bxc4 18. Bxc4 Nxc4 19. Qa4 d5 20. Qd7 Qf7 21.
Qc6 Rb8 22. e4 Na5 23. Qb5 c6 24. Qd3 fxe4 25. fxe4 Qg6 26. Rxf6 gxf6 27. Qf3
Rf8 28. exd5 cxd5 29. Re1 Re8 30. h4 h5 31. Kh2 Kg7 32. Rg1 Qg4 33. Qe3 Rh8 34.
Qd3 Nc4 35. Rf1 Qe4 36. Qd1 Qg4 37. Qc2 e5 38. dxe5 Nxe5 39. Bf4 Nf3+ 40. Kg2
Nxh4+ 41. Kf2 Re8 42. Qd1 Ng6 43. Qd2 Nxf4 44. gxf4 Qh4+ 45. Kg1 Qg3+ 46. Kh1
Qh4+ 47. Kg1 Qg3+ 48. Kh1 Qh3+ 49. Kg1 Re3 0-1

[Event "DVM U20 2003"]
[Site "Ditzingen GER"]
[Date "2003.12.27"]
[Round "2"]
[White "Hellwig, Tobias"]
[Black "Langrock, Hannes"]
[Result "0-1"]
[Termination "normal"]
[Board "2.1"]
[WhiteElo "2054"]
[BlackElo "2336"]
[WhiteTeam "SF Hettstedt"]
[BlackTeam "Hamburger SK von 1830"]
[PlyCount "160"]
[WhiteFideId "4695429"]
[BlackFideId "4655290"]
[EventCountry "GER"]
[EventRounds "7"]
[EventType "team-swiss"]
[EventDate "2003.12.26"]

1. d4 e6 2. c4 b6 3. Nc3 Bb7 4. e4 Bb4 5. Qc2 Ne7 6. Bd3 Nbc6 7. Nge2 e5 8.
dxe5 Nxe5 9. O-O O-O 10. Nd5 Nxd5 11. exd5 Nxd3 12. Qxd3 Re8 13. Bd2 Bxd2 14.
Qxd2 c6 15. Nc3 Qh4 16. b3 Re7 17. Rfe1 Rae8 18. h3 h6 19. Rxe7 Qxe7 20. Rd1
Qe5 21. Qd3 g6 22. Qd4 Kf8 23. Qxe5 Rxe5 24. dxc6 Bxc6 25. Kf1 Ke7 26. f3 g5
27. Kf2 a6 28. b4 h5 29. Rd4 Ke6 30. a3 f6 31. Rd3 Ke7 32. Rd4 Ke6 33. Rd3 d6
34. Rd4 b5 35. Ne4 Bxe4 36. fxe4 a5 37. bxa5 bxc4 38. Rxc4 Rxa5 39. a4 f5 40.
exf5+ Rxf5+ 41. Ke3 Rf1 42. Rb4 Rg1 43. Kf3 Ra1 44. Rb5 Ra3+ 45. Kf2 d5 46.
Rb6+ Kf5 47. Rd6 Ra2+ 48. Kf1 Ke4 49. Re6+ Kf4 50. Rf6+ Ke4 51. Rg6 Kf5 52. Rd6
Ke5 53. Rg6 Kf4 54. Rf6+ Ke3 55. Rf3+ Ke4 56. Rg3 Rxa4 57. Rxg5 d4 58. Ke2 Ra2+
59. Kd1 h4 60. Rg4+ Kd3 61. Kc1 Ra1+ 62. Kb2 Rg1 63. Rxh4 Rxg2+ 64. Kb3 Rg8 65.
Kb2 Ke3 66. Rh7 Kd2 67. Rd7 Rb8+ 68. Ka3 d3 69. h4 Rh8 70. Kb3 Rb8+ 71. Ka3 Kc2
72. Rc7+ Kd1 73. h5 Rd8 74. h6 d2 75. h7 Ke2 76. Re7+ Kf3 77. Rf7+ Ke4 78. Rf1
Rh8 79. Rh1 Rxh7 80. Rxh7 d1=Q 0-1

[Event "DVM U20 2003"]
[Site "Ditzingen GER"]
[Date "2003.12.27"]
[Round "2"]
[White "Schalk, Martin"]
[Black "Stejskal, Hans Christian"]
[Result "0-1"]
[Termination "normal"]
[Board "2.3"]
[WhiteElo "1982"]
[BlackElo "2119"]
[WhiteTeam "SF Hettstedt"]
[BlackTeam "Hamburger SK von 1830"]
[PlyCount "114"]
[BlackFideId "4685890"]
[EventCountry "GER"]
[EventRounds "7"]
[EventType "team-swiss"]
[EventDate "2003.12.26"]

1. e4 d5 2. exd5 Qxd5 3. Nc3 Qa5 4. Nf3 Bf5 5. Bc4 e6 6. d3 c6 7. Qe2 Be7 8.
Bd2 Qc7 9. O-O Nf6 10. Ne4 Nxe4 11. dxe4 Bg6 12. Bc3 O-O 13. a4 Nd7 14. Rfd1
Rfd8 15. Nd4 Nf6 16. f3 Bd6 17. g3 Be5 18. Qe3 h5 19. Ne2 Bxc3 20. Nxc3 b6 21.
Qg5 Nh7 22. Qe3 Nf6 23. Qg5 Nh7 24. Qe3 Nf6 25. Kg2 Rxd1 26. Rxd1 Rd8 27. Rxd8+
Qxd8 28. Qd3 Qc7 29. Ne2 Nd7 30. Qd4 c5 31. Qd2 Ne5 32. Ba6 Nc6 33. c3 Kf8 34.
Nf4 Ke7 35. Nxg6+ fxg6 36. Kf2 Kf6 37. Bb5 g5 38. Bxc6 Qxc6 39. Qd8+ Kg6 40. h4
gxh4 41. gxh4 Kh7 42. Qg5 Qe8 43. b3 g6 44. Qf6 Qd7 45. Ke2 a5 46. e5 b5 47.
axb5 Qxb5+ 48. Ke3 Qxb3 49. Qf7+ Kh8 50. Kf4 Qc2 $1 (50... Qxc3 $2 51. Kg5 $1
$18) 51. Qxe6 (51. Kg5 $2 Qf5+) 51... Qd2+ 52. Ke4 Qxc3 53. Qe8+ Kg7 54. Qe7+
Kg8 55. Qe8+ Kg7 56. Qd7+ Kf8 57. e6 $4 { Weiss spielte die ganze Zeit mutig
auf Gewinn - und dann das:} Qd4+ 0-1

[Event "DVM U20 2003"]
[Site "Ditzingen GER"]
[Date "2003.12.27"]
[Round "2"]
[White "Colpe, Helge"]
[Black "Krege, Sandra"]
[Result "1/2-1/2"]
[Termination "normal"]
[Board "2.4"]
[WhiteElo "2092"]
[BlackElo "1916"]
[WhiteTeam "Hamburger SK von 1830"]
[BlackTeam "SF Hettstedt"]
[PlyCount "65"]
[WhiteFideId "4685644"]
[BlackFideId "4680910"]
[EventCountry "GER"]
[EventRounds "7"]
[EventType "team-swiss"]
[EventDate "2003.12.26"]

1. d4 Nf6 2. Nf3 e6 3. c4 Bb4+ 4. Nc3 b6 5. Bg5 Bb7 6. e3 O-O 7. Bd3 Be7 8. e4
d6 9. O-O Nbd7 10. Re1 e5 11. Bc2 Re8 12. Qe2 Nh5 13. Be3 Nhf6 14. Rad1 Qc8 15.
dxe5 Nxe5 16. Nxe5 dxe5 17. Nd5 Bxd5 18. exd5 Ng4 19. Bd2 Bc5 20. Rf1 e4 21.
Be3 Nxe3 22. fxe3 Qd8 23. Kh1 Qg5 24. Rf4 f5 25. g4 fxg4 26. Rxg4 Qxe3 27. Qxe3
Bxe3 28. Rxe4 Rxe4 29. Bxe4 Re8 30. Bf3 Bc5 31. Kg2 Re5 32. Rd2 Kf7 33. Bg4
1/2-1/2

[Event "DVM U20 2003"]
[Site "Ditzingen GER"]
[Date "2003.12.27"]
[Round "2"]
[White "Möller, Hendrik"]
[Black "Kunth, Andreas"]
[Result "1-0"]
[Termination "normal"]
[Board "2.6"]
[WhiteElo "2105"]
[BlackElo "1903"]
[WhiteTeam "Hamburger SK von 1830"]
[BlackTeam "SF Hettstedt"]
[PlyCount "83"]
[WhiteFideId "24604917"]
[EventCountry "GER"]
[EventRounds "7"]
[EventType "team-swiss"]
[EventDate "2003.12.26"]

1. e4 c5 2. Nf3 Nc6 3. d4 cxd4 4. Nxd4 e5 5. Nb5 Nf6 6. N1c3 d6 7. Bg5 a6 8.
Na3 Be6 9. Be2 Rc8 10. O-O b5 11. Nd5 Bxd5 12. exd5 Nb8 13. c3 Be7 14. Bxf6
Bxf6 15. Nc2 O-O 16. a4 bxa4 17. Rxa4 a5 18. Bb5 Qb6 19. c4 Na6 20. Bxa6 Qxa6
21. Na3 Rb8 22. Nb5 Rfc8 23. Qa1 Bd8 24. Qa3 Rc5 25. Qd3 Rbc8 26. b3 Qb6 27.
Qf5 Be7 28. g3 g6 29. Qd7 Kf8 30. Rfa1 Ra8 31. Kg2 Rcc8 32. h4 Rd8 33. Qc6 Qxc6
34. dxc6 Ra6 35. c7 Rda8 36. Rxa5 Rxa5 37. Rxa5 Rc8 38. Ra7 Ke8 39. Nc3 Kd7 40.
Nd5 Ke6 41. Rb7 Bf8 42. Rb8 1-0

[Event "DVM U20 2003"]
[Site "Ditzingen GER"]
[Date "2003.12.27"]
[Round "2"]
[White "Litwak, Aleksej"]
[Black "Korotkevych, Stanislav"]
[Result "0-1"]
[Termination "normal"]
[Board "3.1"]
[WhiteElo "2167"]
[BlackElo "2320"]
[WhiteTeam "SF Berghofen-Wambel"]
[BlackTeam "SG Porz"]
[PlyCount "86"]
[WhiteFideId "4677617"]
[BlackFideId "14107309"]
[EventCountry "GER"]
[EventRounds "7"]
[EventType "team-swiss"]
[EventDate "2003.12.26"]

1. e4 c5 2. Nf3 d6 3. Bb5+ Nc6 4. O-O Nf6 5. Re1 e5 6. c3 Bg4 7. Na3 Be7 8. Nc2
O-O 9. b3 Bh5 10. d4 cxd4 11. Bxc6 bxc6 12. cxd4 Bg6 13. dxe5 Nxe4 14. Ncd4 Rc8
15. Bf4 d5 16. Rc1 c5 17. Nb5 a6 18. Nc3 Nxc3 19. Rxc3 Qa5 20. Rc1 c4 21. bxc4
dxc4 22. Qd7 Bb4 23. Red1 c3 24. e6 Qf5 25. Rd4 Ba3 26. e7 Rfe8 27. Re1 Qxd7
28. Rxd7 c2 29. Bc1 Bxc1 30. Rxc1 Rb8 31. Nd4 Rb1 32. Ne2 f6 33. Kf1 Kf7 34.
Ke1 Rxe7 35. Rxe7+ Kxe7 36. Kd2 Rb2 37. Nc3 Kd6 38. f4 Rb4 39. g3 Rd4+ 40. Ke2
Kc5 41. Kf2 Kc4 42. Ne2 Rd1 43. g4 Bd3 { Notation ohne Gewaehr, "Russische
Schule" auf beiden Partieformularen} 0-1

[Event "DVM U20 2003"]
[Site "Ditzingen GER"]
[Date "2003.12.27"]
[Round "2"]
[White "Balcerak, Philipp"]
[Black "Mass, Elvira"]
[Result "1-0"]
[Termination "normal"]
[Board "3.2"]
[WhiteElo "2188"]
[BlackElo "1985"]
[WhiteTeam "SG Porz"]
[BlackTeam "SF Berghofen-Wambel"]
[PlyCount "25"]
[WhiteFideId "4655036"]
[BlackFideId "4695623"]
[EventCountry "GER"]
[EventRounds "7"]
[EventType "team-swiss"]
[EventDate "2003.12.26"]

1. e4 e6 2. d4 d5 3. Nc3 Bb4 4. e5 c5 5. a3 Bxc3+ 6. bxc3 Qc7 7. Qg4 f5 8. Qg3
Nc6 9. Nf3 c4 10. Be2 Qf7 11. Ng5 Qf8 12. Nxh7 Qe7 13. Bh5+ 1-0

[Event "DVM U20 2003"]
[Site "Ditzingen GER"]
[Date "2003.12.27"]
[Round "2"]
[White "Strathoff, Martin"]
[Black "Thalwitzer, David"]
[Result "1/2-1/2"]
[Termination "normal"]
[Board "3.3"]
[WhiteElo "1866"]
[BlackElo "2128"]
[WhiteTeam "SF Berghofen-Wambel"]
[BlackTeam "SG Porz"]
[PlyCount "114"]
[WhiteFideId "24609560"]
[BlackFideId "4663233"]
[EventCountry "GER"]
[EventRounds "7"]
[EventType "team-swiss"]
[EventDate "2003.12.26"]

1. d4 Nf6 2. c4 c5 3. d5 b5 4. cxb5 a6 5. Nc3 d6 6. e4 g6 7. Nf3 Bg7 8. bxa6
Bxa6 9. Bxa6 Nxa6 10. O-O O-O 11. Re1 Nd7 12. Bf4 Qb6 13. Qd2 Rfb8 14. Rab1 Nc7
15. e5 dxe5 16. Nxe5 Nxe5 17. Bxe5 Bxe5 18. Rxe5 Qd6 19. Rbe1 e6 20. R5e3 exd5
21. Rh3 Re8 22. Rd1 Qe5 23. Re3 Qf5 24. Rf3 Qe6 25. Re3 Qc6 26. Rxe8+ Rxe8 27.
h3 d4 28. Ne2 Qe6 29. Nc1 Qe4 30. Kf1 Ne6 31. Ne2 Rd8 32. Qd3 Qa8 33. a3 Qa4
34. Rc1 Rb8 35. Rc2 Rb3 36. Qd2 Qb5 37. Kg1 Qb8 38. Nc1 Rb7 39. Nd3 Rc7 40. Qa5
Ra7 41. Qe1 Qb3 42. Rd2 Qb6 43. Qe5 Rc7 44. Nf4 Nxf4 45. Qxf4 Re7 46. Qg5 Qd6
47. Kf1 Qe6 48. Kg1 f6 49. Qxc5 Qe1+ 50. Kh2 Qxd2 51. Qxe7 Qxf2 52. b4 Qf4+ 53.
Kg1 Qc1+ 54. Kh2 Qf4+ 55. Kg1 Qc1+ 56. Kh2 Qf4+ 57. Kg1 Qc1+ 1/2-1/2

[Event "DVM U20 2003"]
[Site "Ditzingen GER"]
[Date "2003.12.27"]
[Round "2"]
[White "Babczyk, Adrian"]
[Black "Pilgram, Alexander"]
[Result "0-1"]
[Termination "normal"]
[Board "3.5"]
[WhiteElo "1777"]
[BlackElo "1785"]
[WhiteTeam "SF Berghofen-Wambel"]
[BlackTeam "SG Porz"]
[PlyCount "64"]
[WhiteFideId "24608700"]
[EventCountry "GER"]
[EventRounds "7"]
[EventType "team-swiss"]
[EventDate "2003.12.26"]

1. Nf3 c5 2. c4 e6 3. d4 cxd4 4. Nxd4 Nf6 5. Nc3 Nc6 6. e3 a6 7. Be2 Be7 8. O-O
O-O 9. a3 d5 10. cxd5 exd5 11. Bf3 Be6 12. b4 Ne5 13. Be2 Bg4 14. f3 Bh5 15. g4
Qc8 16. Bd2 Bg6 17. f4 Nexg4 18. Bxg4 Qxg4+ 19. Qxg4 Nxg4 20. Nxd5 Bd8 21. f5
Bh5 22. Nf4 Nf6 23. Nxh5 Nxh5 24. Rac1 Nf6 25. b5 Bb6 26. Kg2 Rfd8 27. Bc3 axb5
28. Nxb5 Nd5 29. Bd4 Bxd4 30. exd4 Ne3+ 31. Kf3 Nxf1 32. Rxf1 Rd5 0-1

[Event "DVM U20 2003"]
[Site "Ditzingen GER"]
[Date "2003.12.27"]
[Round "2"]
[White "Rudnik, Kirill"]
[Black "Menkowski, Patrick"]
[Result "0-1"]
[Termination "normal"]
[Board "3.6"]
[WhiteElo "1762"]
[BlackElo "1752"]
[WhiteTeam "SG Porz"]
[BlackTeam "SF Berghofen-Wambel"]
[PlyCount "56"]
[EventCountry "GER"]
[EventRounds "7"]
[EventType "team-swiss"]
[EventDate "2003.12.26"]

1. e4 d5 2. exd5 Qxd5 3. Nc3 Qa5 4. d4 c6 5. Nf3 Bf5 6. Bd3 Bg6 7. O-O e6 8.
Ne5 Qc7 9. Re1 Bd6 10. f4 Nf6 11. f5 Bh5 12. Be2 Bxe2 13. Qxe2 O-O 14. fxe6
fxe6 15. Nf3 Re8 16. Ne4 Nxe4 17. Qxe4 Nd7 18. Bg5 e5 19. d5 Nc5 20. Qc4 b5 21.
Qh4 cxd5 22. Re2 Ne6 23. Be3 e4 24. Nd4 Nxd4 25. Bxd4 Qc4 26. Qf2 Rf8 27. Qe3
Bf4 28. Qf2 Bxh2+ 0-1

[Event "DVM U20 2003"]
[Site "Ditzingen GER"]
[Date "2003.12.27"]
[Round "2"]
[White "Wehner, Roland"]
[Black "Hörr, Matthias"]
[Result "1/2-1/2"]
[Termination "normal"]
[Board "4.1"]
[WhiteElo "2182"]
[BlackElo "2055"]
[WhiteTeam "SK Ettlingen"]
[BlackTeam "SK König Plauen"]
[PlyCount "55"]
[WhiteFideId "4683161"]
[BlackFideId "4681398"]
[EventCountry "GER"]
[EventRounds "7"]
[EventType "team-swiss"]
[EventDate "2003.12.26"]

1. e4 d6 2. d4 Nf6 3. Nc3 g6 4. f4 Bg7 5. Nf3 O-O 6. e5 dxe5 7. fxe5 Nd5 8. Bc4
Nb6 9. Be2 Nc6 10. O-O Bf5 11. a3 f6 12. Be3 fxe5 13. d5 Nd4 14. Bxd4 exd4 15.
Nxd4 e5 16. Ne6 Bxe6 17. dxe6 Qe7 18. Bg4 c6 19. Qe2 Nd5 20. Nxd5 cxd5 21. Qb5
h5 22. Be2 Qxe6 23. Rad1 Rxf1+ 24. Bxf1 Rc8 25. c3 d4 26. Qxb7 Rf8 27. Qa6 Qxa6
28. Bxa6 1/2-1/2

[Event "DVM U20 2003"]
[Site "Ditzingen GER"]
[Date "2003.12.27"]
[Round "2"]
[White "Engelhardt, Etienne"]
[Black "Friedel, Marcus"]
[Result "1/2-1/2"]
[Termination "normal"]
[Board "4.2"]
[WhiteElo "1832"]
[BlackElo "2089"]
[WhiteTeam "SK König Plauen"]
[BlackTeam "SK Ettlingen"]
[PlyCount "98"]
[WhiteFideId "4687213"]
[BlackFideId "4688708"]
[EventCountry "GER"]
[EventRounds "7"]
[EventType "team-swiss"]
[EventDate "2003.12.26"]

1. e4 e5 2. Nf3 Nc6 3. Bc4 Bc5 4. c3 Nf6 5. d3 O-O 6. O-O d6 7. Bg5 a6 8. a3
Ba7 9. Nbd2 Be6 10. Qc2 b5 11. Ba2 a5 12. Rfe1 Rb8 13. Bb1 h6 14. Bh4 Re8 15.
Nf1 Bg4 16. Qe2 Kh8 17. Ba2 Qd7 18. Ne3 Bxe3 19. Qxe3 Nh5 20. Rac1 Nf4 21. Bg3
g5 22. d4 Bh3 23. Nxg5 hxg5 24. Bxf4 gxf4 25. Qxh3+ Qxh3 26. gxh3 Rg8+ 27. Kh1
Rg7 28. Rg1 Rbg8 29. Rxg7 Rxg7 30. dxe5 Nxe5 31. Rg1 Rh7 32. Kg2 f3+ 33. Kf1
Rxh3 34. Rg5 Rh4 35. Bb1 Rg4 36. Rxg4 Nxg4 37. Kg1 Kg7 38. h3 Ne5 39. b3 Kf6
40. Kh2 a4 41. bxa4 bxa4 42. Bc2 Nc4 43. Kg3 Nxa3 44. Bxa4 Nb1 45. Kxf3 Nxc3
46. Bc6 Ke5 47. Ke3 Nd1+ 48. Kf3 Nxf2 49. Kxf2 f5 {falscher Laeufer} 1/2-1/2

[Event "DVM U20 2003"]
[Site "Ditzingen GER"]
[Date "2003.12.27"]
[Round "2"]
[White "Ehrenfried, Stefan"]
[Black "Pfeufer, Lion"]
[Result "1/2-1/2"]
[Termination "normal"]
[Board "4.3"]
[WhiteElo "2136"]
[BlackElo "2015"]
[WhiteTeam "SK Ettlingen"]
[BlackTeam "SK König Plauen"]
[PlyCount "113"]
[WhiteFideId "4687515"]
[BlackFideId "4681444"]
[EventCountry "GER"]
[EventRounds "7"]
[EventType "team-swiss"]
[EventDate "2003.12.26"]

1. e4 c5 2. Nc3 Nc6 3. f4 g6 4. Nf3 Bg7 5. Bb5 d6 6. Bxc6+ bxc6 7. d3 e6 8. O-O
Ne7 9. Qe1 O-O 10. Qh4 f5 11. Qe1 Rb8 12. e5 d5 13. Na4 c4 14. dxc4 dxc4 15.
Be3 Nd5 16. Bc5 Re8 17. Nd4 Bd7 18. Bd6 Rb7 19. b3 cxb3 20. axb3 a5 21. Nc5 Ra7
22. c4 Nb4 23. Qf2 Qb6 24. Rfd1 Kf7 25. Nf3 Bc8 26. Nd4 Bf8 27. Na4 Qb7 28. Qh4
Kg8 29. Nf3 Nc2 30. Rab1 Ne3 31. Re1 Nc2 32. Red1 Ne3 33. Re1 Nc2 34. Re2 Bxd6
35. exd6 Nb4 36. Ne5 c5 37. Qf2 Na6 38. Rd2 Bd7 39. Nxd7 Qxd7 40. Nxc5 Nxc5 41.
Qxc5 Rc8 42. Qe5 Kf7 43. c5 Ra6 44. Rc1 Rcc6 45. Rdc2 Ra7 46. Qc3 Raa6 47. h3
Ra8 48. Ra2 Qd8 49. b4 axb4 50. Rxa8 Qxa8 51. Qxb4 Qa7 52. Qb5 Rxd6 53. Kh2 Rd7
54. c6 Rc7 55. Rd1 Qe3 56. Qc4 Qe4 57. Qxe4 1/2-1/2

[Event "DVM U20 2003"]
[Site "Ditzingen GER"]
[Date "2003.12.27"]
[Round "2"]
[White "Butzke, Daniel"]
[Black "Schlippe, Axel"]
[Result "1-0"]
[Termination "normal"]
[Board "4.4"]
[WhiteElo "1965"]
[BlackElo "1994"]
[WhiteTeam "SK König Plauen"]
[BlackTeam "SK Ettlingen"]
[PlyCount "71"]
[WhiteFideId "4690028"]
[BlackFideId "4683030"]
[EventCountry "GER"]
[EventRounds "7"]
[EventType "team-swiss"]
[EventDate "2003.12.26"]

1. e4 e6 2. d4 d5 3. exd5 exd5 4. Bd3 Bd6 5. Ne2 Ne7 6. O-O O-O 7. Ng3 Nd7 8.
Nd2 Nf6 9. Nf3 c6 10. c3 h6 11. Re1 b6 12. Ne5 c5 13. Bd2 Bb7 14. Qf3 Nc6 15.
Nf5 Bxe5 16. dxe5 Ne4 17. Bxe4 dxe4 18. Qg3 g6 19. Nd6 Qe7 20. Nxb7 Qxb7 21.
Bxh6 Rfe8 22. Rxe4 Nd4 23. Rae1 Nf5 24. Qf4 Rad8 25. Bg5 Rd3 26. h3 Qd5 27. a3
Rd1 28. Kh2 Rxe1 29. Rxe1 Qb3 30. Qd2 Qe6 31. Bf6 Rc8 32. g4 Qc6 33. gxf5 Qf3
34. fxg6 fxg6 35. Rg1 Qf4+ 36. Qxf4 1-0

[Event "DVM U20 2003"]
[Site "Ditzingen GER"]
[Date "2003.12.27"]
[Round "2"]
[White "Fucik, Timo"]
[Black "Buschmann, Stephan"]
[Result "1-0"]
[Termination "normal"]
[Board "4.5"]
[WhiteElo "1831"]
[BlackElo "1725"]
[WhiteTeam "SK Ettlingen"]
[BlackTeam "SK König Plauen"]
[PlyCount "68"]
[EventCountry "GER"]
[EventRounds "7"]
[EventType "team-swiss"]
[EventDate "2003.12.26"]

1. d4 d5 2. c4 e6 3. Nf3 Nf6 4. Nc3 c6 5. e3 Nbd7 6. Bd3 Bd6 7. O-O O-O 8. Qc2
e5 9. e4 exd4 10. Nxd4 dxe4 11. Nxe4 Nxe4 12. Bxe4 Nf6 13. Bg5 Bxh2+ 14. Kxh2
Ng4+ 15. Kg3 Qxg5 16. Nf3 Qe7 17. Bxh7+ Kh8 18. Bf5 Nh6 19. Bxc8 Qd6+ 20. Kh3
Raxc8 21. g3 f5 22. Rad1 Qe6 23. Rfe1 Qf6 24. Rh1 Kg8 25. c5 Ng4 26. Rd6 Qf7
27. b3 Rcd8 28. Rhd1 Rxd6 29. cxd6 Rd8 30. Kg2 Qf6 31. Qc4+ Qf7 32. Ng5 Qxc4
33. bxc4 b6 34. c5 Nh6 $2 {Wohl Zeitnot, schade fuer die interessante Partie,
der d-Bauer kostet jetzt die Qualitaet} 1-0